General Zoology:Laboratory Manual. (Record no. 6152)

MARC details
000 -LEADER
fixed length control field 00553nam a22002057a 4500
003 - CONTROL NUMBER IDENTIFIER
control field OSt
005 - DATE AND TIME OF LATEST TRANSACTION
control field 20181004132109.0
008 - FIXED-LENGTH DATA ELEMENTS--GENERAL INFORMATION
fixed length control field 181004b xxu||||| |||| 00| 0 eng d
020 ## - INTERNATIONAL STANDARD BOOK NUMBER
International Standard Book Number 0697137031
040 ## - CATALOGING SOURCE
Transcribing agency DDC.
082 ## - DEWEY DECIMAL CLASSIFICATION NUMBER
Classification number 590 MIL 1994.
100 ## - MAIN ENTRY--PERSONAL NAME
Personal name Miller,A. Stephen;
9 (RLIN) 12707
245 ## - TITLE STATEMENT
Title General Zoology:Laboratory Manual.
250 ## - EDITION STATEMENT
Edition statement 3rd ed.
260 ## - PUBLICATION, DISTRIBUTION, ETC. (IMPRINT)
Place of publication, distribution, etc. England,Wm.C.Brown Publishers;1994.
300 ## - PHYSICAL DESCRIPTION
Extent xvi,326p;
Other physical details ill;
Dimensions 28cm.
504 ## - BIBLIOGRAPHY, ETC. NOTE
Bibliography, etc includes glossary,appendix and credits.
650 ## - SUBJECT ADDED ENTRY--TOPICAL TERM
Topical term or geographic name as entry element Zoology.
9 (RLIN) 8070
942 ## - ADDED ENTRY ELEMENTS (KOHA)
Source of classification or shelving scheme Dewey Decimal Classification
Koha item type Open Shelf
Holdings
Withdrawn status Lost status Source of classification or shelving scheme Damaged status Not for loan Home library Current library Date acquired Source of acquisition Inventory number Total Checkouts Full call number Barcode Date last seen Price effective from Koha item type
    Dewey Decimal Classification     MUST Main Library MUST Main Library 04/10/2018   14/37887   590 MIL 1994. 2018-0366 04/10/2018 04/10/2018 Open Shelf
    Dewey Decimal Classification     MUST Main Library MUST Main Library 04/10/2018   14/37886   590 MIL 1994. 2018-0367 04/10/2018 04/10/2018 Open Shelf